书目信息 |
| 题名: |
《1844年经济学哲学手稿》研究
|
|
| 作者: | ;中共中央马恩列斯著作编译局 编译 | |
| 分册: | 文集 | |
| 出版信息: | 长沙 湖南人民出版社 1983 |
|
| 页数: | 483页 | |
| 开本: | 20cm | |
| 丛书名: | ||
| 单 册: | ||
| 中图分类: | A811.21 | |
| 科图分类: | ||
| 主题词: | 马恩著作--学习 , 马恩著作研究 | |
| 电子资源: | ||
| ISBN: | ||
| 000 | 00761nam0 2200217 450 | |
| 001 | 0633334811 | |
| 005 | 20060818164617.23 | |
| 010 | @dCNY0.90 | |
| 100 | @a20060801d1983 km y0chiy0120 ea | |
| 101 | 0 | @achi |
| 102 | @aCN@b430000 | |
| 200 | 1 | @a《1844年经济学哲学手稿》研究@i文集@A《1844 nian jing ji xue zhe xue shou gao》yan jiu@f中共中央马恩列斯著作编译局编译@Fzhong gong zhong yang ma en lie si zhu zuo bian yi ju bian yi |
| 210 | @a长沙@c湖南人民出版社@d1983 | |
| 215 | @a483页@d20cm | |
| 517 | 1 | @a文集@Awen ji |
| 606 | 0 | @a马恩著作@x学习 |
| 606 | 0 | @a马恩著作研究 |
| 690 | @aA811.21@v3 | |
| 711 | 0 | @a中共中央马恩列斯著作编译局@Azhong gong zhong yang ma en lie si zhu zuo bian yi ju@4编译 |
| 801 | 0 | @aCN@bPFT@c20060818 |
| 905 | @a10447@dA811.21@e197 | |
| 《1844年经济学哲学手稿》研究.文集/中共中央马恩列斯著作编译局编译.-长沙:湖南人民出版社,1983 |
| 483页;20cm |
| ISBN :CNY0.90 |
| ● |
| 相关链接 |
|
|
|
|
正题名:《1844年经济学哲学手稿》研究
索取号:A811.21/197
 
预约/预借
| 序号 | 登录号 | 条形码 | 馆藏地/架位号 | 状态 | 备注 |
| 1 | 0441155 | 204411555 | 密集书库/ [索取号:A811.21/197] | 在馆 | |
| 2 | 0465549 | 204655499 | 密集书库/ [索取号:A811.21/197] | 在馆 | |
| 3 | 0469245 | 204692458 | 密集书库/ [索取号:A811.21/197] | 在馆 |